000 00786nam a2200217Ia 4500
003 GCL
005 20240530104619.0
008 140319s9999 xx 000 0 ara d
040 _aGCL /
_cGCL
082 0 4 _a910.133
_bع ج
100 1 _aعاطف علبى
245 1 0 _aالجغرافيا الاقتصادية والسياسية والسكانية والجيوبولتيكا :
_bالمقدمة /
_cعاطف علبى
250 _aط1
260 _aبيروت :
_bالمؤسسة الجامعية للدراسات والنشر والتوزيع ،
_c1989
300 _a797 ص ؛
_c25 سم
650 0 4 _aالجغرافيا الطبيعية
650 0 4 _aالجغرافيا
650 0 4 _aالجغرافيا الاقتصادية
650 0 4 _aالجغرافيون
942 _2ddc
_cBK
999 _c49209
_d49209